[Event "San Bernardino Spring op"]
[Site "San Bernardino"]
[Date "2021.05.08"]
[Round "2"]
[White "Tuor, Elena"]
[Black "Sandbrink, Kai"]
[Result "0-1"]
[WhiteElo "1370"]
[BlackElo "1792"]
[PlyCount "110"]
[EventDate "2021.05.07"]
[EventType "swiss"]
[EventRounds "5"]
[EventCountry "SUI"]
[SourceTitle "EXT 2022"]
[Source "ChessBase"]
[SourceDate "2021.10.06"]
[SourceVersion "1"]
[SourceVersionDate "2021.10.06"]
[SourceQuality "1"]

1. d4 d5 2. Bf4 Nf6 3. e3 c5 4. Nc3 cxd4 5. Qxd4 a6 6. Bxb8 Rxb8 7. Be2 Bf5 8. Bd3 Bxd3 9. cxd3 e6 10. Nf3 Be7 11. 0-0 0-0 12. Rac1 Nd7 13. Qa4 Nc5 14. Qd1 b5 15. d4 b4 16. Na4 Ne4 17. Ne5 Rc8 18. Nc6 Qe8 19. Nxe7+ Qxe7 20. Qe2 Qb7 21. f3 Qb5 22. Qxb5 axb5 23. Nc5 Nxc5 24. dxc5 Rc6 25. Rc2 Rfc8 26. Rfc1 Ra8 27. b3 Kf8 28. Kf2 Ke8 29. Ke2 Kd7 30. Kd3 Rca6 31. e4 dxe4+ 32. Kxe4 Rxa2 33. c6+ Kc7 34. Kd4 Rxc2 35. Rxc2 Ra6 36. Rc5 Rb6 37. f4 f6 38. g4 Rb8 39. Ke4 Kb6 40. Rc2 Rc8 41. h4 Rxc6 42. Rxc6+ Kxc6 43. Kd4 Kd6 44. Ke4 g6 45. Kd4 h5 46. g5 fxg5 47. fxg5 e5+ 48. Ke4 Ke6 49. Kd3 Kd5 50. Ke3 e4 51. Kd2 Kd4 52. Kc2 e3 53. Kd1 Kd3 54. Ke1 e2 55. Kf2 Kd2 0-1